000 00198nam a2200085Ia 4500
008 120527s9999 xx 000 0 und d
100 _aDavis, H. Mark
245 _aSocial Psychology 01/02
942 _cBK
999 _c27731
_d27731